| 000 | 00704nam a22002057a 4500 | ||
|---|---|---|---|
| 003 | OSt | ||
| 005 | 20220914205010.0 | ||
| 008 | 220914b |||||||| |||| 00| 0 eng d | ||
| 040 | _cBiblioteca Lado V | ||
| 082 |
_a751.4 _bOL48l |
||
| 110 | _aOlivares & Nusser, S.L. | ||
| 245 | _aLos Géneros de la Pintura/ | ||
| 260 |
_aIslas Canarias _bCentro Atlantico de Arte Moderno _c1994 |
||
| 300 |
_a190p. _c24x28cm |
||
| 650 |
_2Tesauro de Arte & Arquitectura _aPINTURA |
||
| 650 |
_2Tesauro de Arte & Arquitectura _aTEORIA |
||
| 650 |
_2Tesauro de Arte & Arquitectura _aGENEROS DE PINTURA |
||
| 650 |
_2Tesauro de Arte & Arquitectura _aACTUALIDAD |
||
| 942 |
_2ddc _c1 _h751.4 _iOL48l _n0 |
||
| 999 |
_c2017 _d2017 |
||